| 000 | 00000nam##2200000za#4500 |
| 001 | 9.698255 |
| 003 | CaOODSP |
| 005 | 20210624235839 |
| 007 | cr ||||||||||| |
| 008 | 150407|1970||||xxc|||||o f|0| 0 eng|d |
| 040 | |aCaOODSP|beng |
| 043 | |an-cn--- |
| 086 | 1 |aA53-1408/1970E-PDF |
| 110 | 1 |aCanada.|bAgriculture Canada.|bResearch Branch. |
| 245 | 10|aGardening on permafrost / |h[electronic resource]|c[by] Robert E. Harris, Research Station, Beaverlodge, Alberta. |
| 260 | |aOttawa - Ontario : |bAgriculture Canada. |c1970. |
| 300 | |a20p.|bfigs., photographs |
| 500 | |aHistorical publication digitized by Agriculture and Agri-Food Canada. |
| 590 | |a13-17-Supp|b2013-07-25 |
| 690 | 07|aGardening|2gcpds |
| 690 | 07|aPermafrost|2gcpds |
| 690 | 07|aVegetables|2gcpds |
| 775 | 08|tLe jardinage sur pergélisol / |w(CaOODSP)9.642265 |
| 856 | 40|ahttp://publications.gc.ca|qPDF|s1.49 MB|uhttps://publications.gc.ca/collections/collection_2013/aac-aafc/agrhist/A53-1408-1970-eng.pdf |
| 986 | |a1408 |